| 000 | 00469nam a2200181Ia 4500 | ||
|---|---|---|---|
| 001 | 11720 | ||
| 005 | 20260306162849.0 | ||
| 008 | 260306t2022||||xx |||||||||||||| ||spa|| | ||
| 041 | _aESP | ||
| 082 |
_aHR 006 _bV. 9 NÂș 4 2022 PC |
||
| 110 | _aAssociation for Computing Machinery | ||
| 245 | 0 | _aACM transactions on parallel computing | |
| 260 | _c2022 | ||
| 300 |
_avarias paginaciones : _c25 cm. |
||
| 650 | _aGEN | ||
| 654 | _aCCC | ||
| 942 |
_cREV _dJUS _fJUS _2ddc _n |
||
| 999 |
_c11720 _d11720 |
||